00710nam a2200193 a 4500003000200000005001700002008004100019050002600060100002100086245010300107260009200210300004000302504004100342650002500383650001900408650003300427650003100460650002500491020250430162155.0021107s19uu xx 00 eng d aPGS RJ 206b.Y43 2002 aYeh, Jui Hsiang. aDinner eating habits of grade three students of Southville International School /cJui Hsiang Yeh. aLas Piñas City, Philippines : bSouthville International School and Colleges,c2003. a23 pages :billustrations ;c28 cm. aIncludes bibliographical references. aChildrenvNutrition. aEating habits. aDinnervNutritional aspects. aMeal patterns in children. aStudentsvNutrition.